000 01601nam a22004217a 4500
003 CHAP
005 20220329143457.0
008 091214s2009 mx r 00010 spa d
010 _a97232
011 _a98204
035 _a108888
040 _cCHAP
090 _aTesis
100 1 _aUgarte Obando, Wilder
_9116025
245 1 0 _aIdentificación de bacterias sulfato reductoras del suelo inundado en un cultivo de arroz
_c/por Wilder Ugarte Obando
260 _aChapingo, Méx. :
_bEl autor,
_c2009
300 _axviii, 86 h. :
_bgráfs. ,ilus.
502 _aTesis (Mtro. en Ingeniería Agrícola y uso Integral del Agua) -- UACH. Departamento de Irrigación
530 _aTambién disponible en línea
590 _aALEPH
_b10
_c20130110
_lUCH01
_h1531
590 _aBATCH-UPD
_b10
_c20130110
_lUCH01
_h0930
590 _aBATCH-UPD
_b10
_c20130410
_lUCH01
_h0550
590 _aBATCH-UPD
_b10
_c20130914
_lUCH01
_h0406
590 _aBATCH-UPD
_b10
_c20140324
_lUCH01
_h1513
590 _aBATCH-UPD
_b10
_c20141002
_lUCH01
_h0841
590 _aCONVERSION
_b10
_c20130109
_lUCH01
_h1354
650 1 4 _aArroz
_xAgua requerida.
_97556
650 1 4 _aArroz
_zMorelos.
_97677
650 1 4 _aBacterias
_xIdentificación.
_99320
650 1 4 _aClostridium.
_923912
650 1 4 _aMorfología.
_978770
650 1 4 _aSuelos arroceros.
_9110536
856 _3Finding aid
_uhttp://10.13.5.2/tesis/108888.pdf
_zTeclea aqui
901 _aBK
942 _cFOLL
949 _aTesis
_bBC
_cTES
_d33724002132033
_eTS1
_gDonaciØn
_h49824
_i108888
_sb
949 _aTesis
_bBC
_cTES
_d33724002133561
_eTS2
_fc.2
_gDonaciØn
_h49825
_i108888
_sb
999 _c97232
_d97232